| 000 | 00608nam a2200217 a 4500 | ||
|---|---|---|---|
| 001 | BRL_1201 | ||
| 005 | 20190320211059.0 | ||
| 008 | 271113s1977----it-a######---#000-0#ita-# | ||
| 041 | _aita | ||
| 044 | _ait | ||
| 050 | 4 |
_aN6921.S54 _b.V36 1977 |
|
| 100 | 1 |
_aVantaggi, Rosella _926098 |
|
| 245 | 1 | 0 |
_aSiena Citta D`arte _cRosella Vantaggi. |
| 260 |
_aSiena (Italia) _bPlurigraf, Narni, Terni _c1977 |
||
| 300 |
_a127 p. _bil. (algunas a color) _c24 cm. |
||
| 500 | _aAu1388 | ||
| 650 | 1 | 4 |
_aArte _zSiena (Italia) _926099 |
| 651 | 4 |
_aSiena (Italia) _xAntigüedades _926100 |
|
| 902 | _aGRL | ||
| 942 |
_2lcc _cB |
||
| 999 |
_c10013 _d10013 |
||